000
00263nam a22001097a 4500
082
_a
954.9142 KAR'S
100
_a
KARAM, HAIDURI M. A
_9
67437
245
_a
SIR ZAMEEN PHOTOHAR
250
_a
VOL-2
260
_a
RAWALPINDI
_b
MAKTABA -UL-MUHAMMAD
_c
1980
942
_c
BK
999
_c
575221
_d
575221